Windows 3.1

Bibliographic Details
Main Authors: Tiznado, Santana, Marco, Antonio
Format: Section = Libro
Language:Undetermined
Spanish
Published: Colombia México 1997
Subjects:
LEADER 00518nam a2200205Ia 4500
008 240830s9999 xx 000 0 und d
020 |a 958-600-628-X 
040 |a B-ESTELÍ- RUACS / 001.642 T625 
041 |a spa 
082 |a 001.642 T625 
100 1 |a Tiznado, Santana 
100 1 |b  Marco, Antonio 
245 1 0 |a Windows 3.1 
260 |a Colombia  |b México  |c 1997 
300 |a 114 p:il 
650 7 |a PROGRAMAS Y PROGRAMACION DE COMPUTADORAS 
650 7 |b  WINDOWS 3 
942 |c BK  |2 ddc 
991 |a TEXTO 
999 |c 10519